Revista andina / (Record no. 21837)

000 -CABECERA
fixed length control field 02224nam a22003977a 4500
003 - IDENTIFICADOR DEL NÚMERO DE CONTROL
control field AR-CdUCM
008 - DATOS DE LONGITUD FIJA--INFORMACIÓN GENERAL
fixed length control field 190425b ||||| |||| 00| 0 spa d
040 ## - FUENTE DE LA CATALOGACIÓN
Agencia/entidad que catalogó originalmente la obra MUNICIPALIDAD PROVINCIAL DEL CUSCO
Entidad que transcribió la catalogación BIBLIOTECA MUNICIPAL DEL CUSCO
082 ## - NÚMERO DE LA CLASIFICACIÓN DECIMAL DEWEY
No. de Clasificación Rev.Andi/N°14/1989
110 ## - ENTRADA PRINCIPAL--NOMBRE DE ENTIDAD CORPORATIVA
Nombre de la institución, jurisdicción como entrada principal Centro Bartolomé de Las Casas
9 (RLIN) 3293
245 ## - MENCIÓN DE TÍTULO
Título Revista andina /
Mención de responsabilidad Centro de estudios rurales andinos Bartolomé de Las Casas Cusco
260 ## - PUBLICACIÓN, DISTRIBUCIÓN, ETC.
Lugar de publicación, distribución, etc. Cusco :
Nombre de la editorial, distribuidor, etc. Centro Bartolomé de Las Casas,
Fecha de publicación, distribución, etc. 1989.
300 ## - DESCRIPCIÓN FÍSICA
Nº de Páginas Extensión 321-606 páginas. :
Dimensiones 23 cm.
440 ## - MENCIÓN DE SERIE/PUNTO DE ACCESO ADICIONAL--TÍTULO
Título Publicación Semestral del Centro Bartolomé de Las Casas Cusco.
Número de la parte/sección de una obra Año 7, Número 14, N°2, Segundo semestre 1989.
9 (RLIN) 46340
505 ## - NOTA DE CONTENIDO CON FORMATO
Nota de contenido formateada Contenido: Curagas y tenientes políticos la ley de la costumbre y la ley del estado Otavalo 1830-1875. Andrés Guerrero. -- Poder y contribuciones Puno 1825-1845. Christine Hünefeldt. -- Libre comercio, élites regionales y mercado interno en el sur del Perú, 1895-1932. Nils Jacobsen. -- Comunidad, autoridad indígena y poder republicano en el siglo XIX. Martha Moscoso C. -- La danza de Los Avelinos, sus orígenes y sus múltiples significados. Zoila S. Mendoza. -- Un nuevo aporte a la lingüística andina. Willem F. H. Adelaar. -- Muyu Orqo y Ccoipa dos nuevos tipos de cerámica para la región del Cusco. Brian S. Bauer. -- El horizonte Chavín ¿Quimera estilística o metamorfosis socioeconómica?. Richard L. Burger. -- Música andina breve introducción bibliográfica. André Langevin.
650 ## - PUNTO DE ACCESO ADICIONAL DE MATERIA--TÉRMINO DE MATERIA
Descriptor Cultura andina
9 (RLIN) 46341
650 ## - PUNTO DE ACCESO ADICIONAL DE MATERIA--TÉRMINO DE MATERIA
Descriptor Elites regionales
9 (RLIN) 46342
650 ## - PUNTO DE ACCESO ADICIONAL DE MATERIA--TÉRMINO DE MATERIA
Descriptor Folklore
9 (RLIN) 46343
650 ## - PUNTO DE ACCESO ADICIONAL DE MATERIA--TÉRMINO DE MATERIA
Descriptor Música andina
9 (RLIN) 22217
650 ## - PUNTO DE ACCESO ADICIONAL DE MATERIA--TÉRMINO DE MATERIA
Descriptor Cultura Chavín
9 (RLIN) 46344
650 ## - PUNTO DE ACCESO ADICIONAL DE MATERIA--TÉRMINO DE MATERIA
Descriptor Cerámica preincaica
9 (RLIN) 46345
650 ## - PUNTO DE ACCESO ADICIONAL DE MATERIA--TÉRMINO DE MATERIA
Descriptor Alfarería prehispánica
9 (RLIN) 46346
650 ## - PUNTO DE ACCESO ADICIONAL DE MATERIA--TÉRMINO DE MATERIA
Descriptor Lingüística andina
9 (RLIN) 46322
700 ## - PUNTO DE ACCESO ADICIONAL--NOMBRE DE PERSONA
Nombre Personal Guerrero, Andrés
9 (RLIN) 46347
700 ## - PUNTO DE ACCESO ADICIONAL--NOMBRE DE PERSONA
Nombre Personal Hünefeldt, Christine
9 (RLIN) 46201
700 ## - PUNTO DE ACCESO ADICIONAL--NOMBRE DE PERSONA
Nombre Personal Jacobsen, Nils
9 (RLIN) 44745
700 ## - PUNTO DE ACCESO ADICIONAL--NOMBRE DE PERSONA
Nombre Personal Moscoso, Martha
9 (RLIN) 46348
700 ## - PUNTO DE ACCESO ADICIONAL--NOMBRE DE PERSONA
Nombre Personal Mendoza, Zoila
9 (RLIN) 46349
700 ## - PUNTO DE ACCESO ADICIONAL--NOMBRE DE PERSONA
Nombre Personal Adelaar, Willem
9 (RLIN) 46350
700 ## - PUNTO DE ACCESO ADICIONAL--NOMBRE DE PERSONA
Nombre Personal Bauer, Brian
9 (RLIN) 7686
700 ## - PUNTO DE ACCESO ADICIONAL--NOMBRE DE PERSONA
Nombre Personal Burger, Richard
9 (RLIN) 46351
700 ## - PUNTO DE ACCESO ADICIONAL--NOMBRE DE PERSONA
Nombre Personal Langevin, André
9 (RLIN) 46352
942 ## - ELEMENTOS DE PUNTO DE ACCESO ADICIONAL (KOHA)
Fuente de clasificación
Tipo de item Revistas cusqueñas
945 ## - PROCESAMIENTO DE INFORMACIÓN LOCAL (OCLC)
Catalogador rac
Holdings
Estado de retiro (separado) Fuente de clasificación o esquema de estanterías Estado dañado Ubicación Sala donde se ubica Nombre de la colección Fecha de adquisición o compra Costo, precio normal en soles Signatura topográfica Código de Barras Última vez visto (Koha) Tipo de ítem (Koha)
No     Sala Hemeroteca Sala Hemeroteca Book Cart 2021-08-23 10.00 Rev.Andi/N°14/1989 REVC000310 2021-08-23 Revistas cusqueñas

Powered by Koha